Search the Library Catalogue
| 000 -LEADER | |
|---|---|
| fixed length control field | 01094nam a2200277Ia 4500 |
| 008 - FIXED-LENGTH DATA ELEMENTS--GENERAL INFORMATION | |
| fixed length control field | 191130s2008##################000#0#eng## |
| 020 ## - INTERNATIONAL STANDARD BOOK NUMBER | |
| ISBN | 9781846077944 |
| 082 ## - DEWEY DECIMAL CLASSIFICATION NUMBER | |
| Classification number | 940.5347 REE |
| 100 ## - MAIN ENTRY--AUTHOR NAME | |
| Personal name | Rees, Laurence |
| 245 ## - TITLE STATEMENT | |
| Title | World war II behind closed doors : Stalin, the Nazis and the west |
| Statement of responsibility, etc | Laurence Rees |
| 250 ## - EDITION STATEMENT | |
| Edition statement | 1st American ed |
| 260 ## - PUBLICATION, DISTRIBUTION, ETC. (IMPRINT) | |
| Place of publication | New York |
| Name of publisher | Pantheon Books |
| Year of publication | c2008 |
| 300 ## - PHYSICAL DESCRIPTION | |
| Number of Pages | 442, [16] p. of plates : ill., maps ; 25 cm |
| 500 ## - GENERAL NOTE | |
| General note | Includes bibliographical references (p. [415]-428) and index |
| 650 ## - SUBJECT ADDED ENTRY--TOPICAL TERM | |
| Topical Term | Churchill, Winston, 1874-1965 - Political and social views |
| Topical Term | Europe, Eastern - History - 1945-1989 - Biography |
| Topical Term | Roosevelt, Franklin D. (Franklin Delano), 1882-1945 - Political and social views |
| Topical Term | Soviet Union - Foreign relations - 1917-1945 |
| Topical Term | Soviet Union - History - 1925-1953 - Biography |
| Topical Term | Soviet Union - History - 1953-1985 - Biography |
| 991 ## - | |
| -- | 175492 |
| Withdrawn status | Lost status | Damaged status | Not for loan | Home library | Current library | Shelving location | Date acquired | Full call number | Accession Number | Price effective from | Koha item type |
|---|---|---|---|---|---|---|---|---|---|---|---|
| Anna Centenary Library | Anna Centenary Library | 7TH FLOOR, B WING | 15.10.2020 | 940.5347 REE | 337215 | 15.10.2020 | English Books | ||||
| Anna Centenary Library | Anna Centenary Library | 7TH FLOOR, B WING | 15.10.2020 | 940.5347 REE | 378961 | 15.10.2020 | English Books |